[Event "TCh-AUT 2nd Bundesliga Mitte 2008-9"]
[Site "Austria AUT"]
[Date "2009.03.08"]
[Round "8"]
[White "Kastner,W"]
[Black "Heimberger,R"]
[Result "1/2-1/2"]
[WhiteElo "2225"]
[BlackElo "2256"]

1.c4 e6 2.Nf3 d5 3.g3 Nf6 4.Bg2 Be7 5.d4 O-O 6.Qc2 Ne4 7.O-O c6 8.Nc3 Nxc3
9.Qxc3 Nd7 10.Qc2 b6 11.Rd1 Ba6 12.b3 Rc8 13.e4 Bb7 14.h4 dxe4 15.Qxe4 Qc7
16.Bf4 Bd6 17.Bxd6 Qxd6 18.c5 Qe7 19.b4 Nf6 20.Qe1 Nd5 21.Ne5 Rcd8 22.a4 a5
23.Bxd5 Rxd5 24.cxb6 axb4 25.a5 Ra8 26.a6 Rxa6 27.Rxa6 Bxa6 28.Nxc6 Qb7 29.Nxb4 Rd6
30.Nxa6 Qxa6 31.Ra1 Qxb6 32.Rb1 Qxd4 33.Rb8+ Rd8 34.Qe5 Qd1+ 35.Kg2 h6 36.Qc7 Rxb8
37.Qxb8+ Kh7 38.Qf4 Qd5+ 39.Kh2 f5 40.Qb8 Qd4 41.Kg1 Qd1+ 42.Kg2 Qe2 43.Qe8 f4
44.h5 Qe4+ 45.f3 Qc2+ 46.Kh3 Qf5+ 47.Kg2 fxg3 48.Kxg3 g6 49.Qe7+ Kg8 50.hxg6 Qxg6+
51.Kf2 Qf7 52.Qd8+ Kh7 53.Qd3+ Qf5 54.Qd7+ Kg6 55.Qe8+ Kg5 56.Qg8+ Kh5 57.Qg3 Qg5
58.Qb8 e5 59.Qe8+ Kh4 60.Qa4+ Kh3 61.Qd1 Qg3+ 62.Ke3 Qf4+ 63.Ke2 Kh2 64.Kf1 Qc4+
65.Kf2 Qc5+ 66.Ke2 Qc4+ 67.Kf2 Qh4+ 68.Ke3 Qf4+ 69.Kf2 Qg3+ 70.Ke3 h5 71.Qc2+ Kh3
72.Qf5+ Kh4 73.Ke4 Qe1+ 74.Kd5 Qe3 75.Ke6 Qf4 76.Qxe5 Qxf3 77.Qe1+ Kh3 78.Kd7 h4
79.Qb1 Qg4+ 80.Kc7 Kh2 81.Qc2+ Qg2 82.Qh7 h3 83.Kb6 Qf2+ 84.Ka5 Kg2 85.Qe4+ Qf3
86.Qc2+ Kg3 87.Qc7+ Qf4 88.Qg7+ Kh4 89.Qh7+ Kg4 90.Ka6 h2 91.Qg6+ Kh3 92.Qh5+ Kg3
93.Qg6+ Qg4 94.Qd3+ Qf3 95.Qd6+ Kg2 96.Qd2+ Kg1 97.Qd4+ Kf1 98.Qa1+ Kg2 99.Qg7+ Kh3
100.Qh6+ Kg3 101.Qd6+ Qf4 102.Qg6+ Kh4 103.Qh7+ Kg4 104.Qg6+ Qg5 105.Qe4+ Kh5
106.Qe2+  1/2-1/2

[Event "TCh-AUT 2nd Bundesliga Mitte 2008-9"]
[Site "Austria AUT"]
[Date "2009.03.08"]
[Round "8"]
[White "Sebenik,M"]
[Black "Sakelsek,T"]
[Result "1/2-1/2"]
[WhiteElo "2485"]
[BlackElo "2403"]

1.d4 Nf6 2.c4 e6 3.g3 d5 4.Nf3 Be7 5.Bg2 dxc4 6.O-O O-O 7.Qc2 a6 8.Qxc4 b5
9.Qc2 Bb7 10.Bg5 Nbd7 11.Bxf6 Nxf6 12.Nbd2 Rc8 13.Nb3 c5 14.dxc5 Be4 15.Qc3 Bd5
16.Rfd1 Ne4 17.Qe1 Qc7 18.Nfd2 Nxd2 19.Rxd2 Bxb3 20.axb3 Bxc5 21.Rd3  1/2-1/2

[Event "TCh-BEL 2008-9"]
[Site "Belgium BEL"]
[Date "2009.03.08"]
[Round "10"]
[White "Van Heirzeele,D"]
[Black "Romanelli,R"]
[Result "1/2-1/2"]
[WhiteElo "2207"]
[BlackElo "1970"]

1.d4 d5 2.c4 e6 3.Nf3 Nf6 4.g3 Be7 5.Bg2 Ne4 6.O-O O-O 7.b3 c5 8.cxd5 exd5
9.Bb2 Nc6 10.Nc3 Bf6 11.Na4  1/2-1/2

[Event "10th EICC"]
[Site "Budva MNE"]
[Date "2009.03.10"]
[Round "5"]
[White "Ruck,R1"]
[Black "Cvetkovic,Sr"]
[Result "1-0"]
[WhiteElo "2558"]
[BlackElo "2407"]

1.Nf3 d5 2.d4 Nf6 3.c4 e6 4.g3 Be7 5.Bg2 O-O 6.O-O dxc4 7.Qc2 a6 8.Qxc4 b5
9.Qc2 Bb7 10.Bd2 Be4 11.Qc1 Bb7 12.Bf4 Nd5 13.Nc3 Nxf4 14.Qxf4 Nd7 15.Rfd1 Bd6
16.Qe3 Qe7 17.Ne5 Bxg2 18.Nxd7 Qxd7 19.Kxg2 Qc6+ 20.Kg1 Qb6 21.Rac1 Rad8
22.Ne4 h6 23.Qc3 Rd7 24.Qc6 Qxc6 25.Rxc6 Ra8 26.Nxd6 Rxd6 27.Rxc7 Rad8 28.e4 e5
29.Ra7 Rxd4 30.Rxd4 Rxd4 31.Rxa6 Rd2 32.b3 g6 33.g4 Kg7 34.Kg2 g5 35.Kf3 f6
36.Ra5 b4  1-0

[Event "10th EICC"]
[Site "Budva MNE"]
[Date "2009.03.11"]
[Round "6"]
[White "Banusz,T"]
[Black "Lysyj,I"]
[Result "1/2-1/2"]
[WhiteElo "2501"]
[BlackElo "2620"]

1.Nf3 d5 2.d4 Nf6 3.c4 e6 4.g3 Be7 5.Bg2 O-O 6.O-O dxc4 7.Qc2 a6 8.a4 Bd7
9.Qxc4 Bc6 10.Bg5 Bd5 11.Qd3 c5  1/2-1/2

[Event "10th EICC"]
[Site "Budva MNE"]
[Date "2009.03.12"]
[Round "7"]
[White "Devereaux,M"]
[Black "Tassopoulos,M"]
[Result "1/2-1/2"]
[WhiteElo "2437"]
[BlackElo "2293"]

1.d4 d5 2.Nf3 e6 3.c4 Nf6 4.g3 Be7 5.Bg2 O-O 6.O-O dxc4 7.Qc2 a6 8.Qxc4 b5
9.Qc2 Bb7 10.Bg5 Nbd7 11.Bxf6 Nxf6 12.Nbd2 Rc8 13.Nb3 Be4 14.Qc1 c5 15.dxc5 Qc7
16.Nfd2 Bxg2 17.Kxg2 Bxc5 18.Nxc5 Qxc5 19.Qxc5 Rxc5 20.Rac1 Rfc8 21.Nb3 Rxc1
22.Rxc1 Rxc1 23.Nxc1 Kf8 24.Nd3 Nd7 25.Nb4 Nc5 26.Kf3 Ke7 27.e4 Kd6 28.Ke3 e5  1/2-1/2

[Event "FSGM March"]
[Site "Budapest HUN"]
[Date "2009.03.13"]
[Round "7"]
[White "Duong The Anh"]
[Black "Agopov,M"]
[Result "1/2-1/2"]
[WhiteElo "2418"]
[BlackElo "2433"]

1.d4 e6 2.c4 Nf6 3.g3 d5 4.Nf3 Be7 5.Bg2 O-O 6.O-O dxc4 7.Qc2 a6 8.a4 Bd7
9.Ne5 Nc6 10.Qxc4 Nxe5 11.dxe5 Nd5 12.Nc3 c6 13.a5 b5 14.axb6 Qxb6 15.Qg4 Nxc3
16.Bh6 Nxe2+ 17.Kh1 g6 18.Bxf8 Nxg3+ 19.fxg3 Bxf8 20.Qf4 Be8 21.Rac1 Ra7
22.Qf2 c5 23.Rfd1 a5 24.b3 Be7 25.Rc3 Rd7 26.Rxd7 Bxd7 27.h4 Qb4 28.Qe3 Bb5
29.Rc1 h5 30.Qc3 Qg4 31.Qf3 Qxf3 32.Bxf3 a4 33.bxa4 Bxa4 34.Ra1 Bb3 35.Ra7 Bf8
36.Rc7 c4 37.Rc8 Kg7 38.Be2 Ba3 39.Bxc4 Bc2 40.Bf1 Be4+ 41.Bg2 Bf5 42.Rb8 Bc5
43.Kh2 Bd4 44.Rb5 Bc3 45.Bc6 g5 46.hxg5 Bd2  1/2-1/2

[Event "10th EICC"]
[Site "Budva MNE"]
[Date "2009.03.16"]
[Round "10"]
[White "Ogloblin,N"]
[Black "Maevsky,N"]
[Result "1-0"]
[WhiteElo "2362"]
[BlackElo "2223"]

1.Nf3 Nf6 2.c4 e6 3.d4 d5 4.g3 Be7 5.Bg2 O-O 6.O-O dxc4 7.Qc2 a6 8.a4 Nc6
9.Qxc4 Bd7 10.Bg5 h6 11.Bf4 Nd5 12.Nc3 Nxf4 13.gxf4 Na5 14.Qd3 Bc6 15.Rad1 Bd6
16.Ne5 Bxg2 17.Kxg2 Qe8 18.Qe4 Rc8 19.Kh1 Qe7 20.Rg1 f5 21.Qe3 Bxe5 22.fxe5 Kh7
23.d5 Rcd8 24.Qg3 g5 25.f4 Rg8 26.e4 c6 27.dxe6 Rxd1 28.Rxd1 Qxe6 29.Rd6 Qf7
30.Qd3 Qh5 31.exf5 gxf4 32.Ne4 Kh8 33.Nf6  1-0

[Event "10th EICC"]
[Site "Budva MNE"]
[Date "2009.03.17"]
[Round "11"]
[White "Khalifman,A"]
[Black "Zhigalko,S"]
[Result "1/2-1/2"]
[WhiteElo "2622"]
[BlackElo "2587"]

1.d4 Nf6 2.c4 e6 3.g3 d5 4.Nf3 Be7 5.Bg2 O-O 6.O-O dxc4 7.Qc2 a6 8.a4 Bd7
9.Rd1 Bc6 10.Nc3 Bxf3 11.Bxf3 Nc6 12.Bxc6 bxc6 13.Bg5 Nd5 14.Bxe7 Qxe7 15.Ne4 Qb4
16.Rdc1 Rfb8 17.Ra2 e5 18.dxe5 Qe7 19.Qxc4 Qxe5 20.Nc5 Rb4 21.Qc2  1/2-1/2

[Event "10th EICC w"]
[Site "St Petersburg RUS"]
[Date "2009.03.17"]
[Round "9"]
[White "Dzagnidze,N"]
[Black "Khukhashvili,S"]
[Result "1/2-1/2"]
[WhiteElo "2518"]
[BlackElo "2416"]

1.d4 e6 2.Nf3 Nf6 3.g3 d5 4.Bg2 Be7 5.c4 O-O 6.Nc3 c6 7.O-O b6 8.Ne5 Bb7
9.e4 dxc4 10.Nxc4 Ba6 11.b3 b5 12.Ne5 b4 13.Ne2 Bxe2 14.Qxe2 Qxd4 15.Bf4 a5
16.Rac1 Rc8 17.Rc4 Qb6 18.Rfc1 Ra7 19.Nxc6 Nxc6 20.Be3 Qb7 21.Bxa7 Nxa7 22.Rxc8+ Nxc8
23.e5 Nd5 24.Qc4 Ncb6 25.Qb5 Qa7 26.Rc6 Bf8 27.h4 h5 28.Bf3 g6 29.Kg2 Kg7
30.Kf1 Be7  1/2-1/2

[Event "10th EICC w"]
[Site "St Petersburg RUS"]
[Date "2009.03.18"]
[Round "10"]
[White "Kostiukova,L"]
[Black "Abdulla,K"]
[Result "1/2-1/2"]
[WhiteElo "2235"]
[BlackElo "2070"]

1.d4 Nf6 2.c4 e6 3.g3 d5 4.Bg2 Be7 5.Nf3 O-O 6.O-O dxc4 7.Ne5 c5 8.dxc5 Qc7
9.Nxc4 Bxc5 10.Be3 Bxe3 11.Nxe3 Bd7 12.Nd2 Bc6 13.Rc1 Qe7 14.Nf3 Nbd7 15.Nc4 Bd5
16.Ne3 Bc6 17.Nc4 Bd5 18.Ne3 Bc6 19.Nc4  1/2-1/2

[Event "10th Dos Hermanas Internet"]
[Site "ICC INT"]
[Date "2009.03.20"]
[Round "1.3"]
[White "Vovk,Y"]
[Black "Aveskulov,V"]
[Result "1-0"]
[WhiteElo "2546"]
[BlackElo "2526"]

1.d4 d5 2.c4 e6 3.Nf3 Nf6 4.g3 Be7 5.Bg2 O-O 6.O-O dxc4 7.Qc2 a6 8.Qxc4 b5
9.Qc2 Bb7 10.Bg5 Nbd7 11.Nbd2 c5 12.Bxf6 Bxf6 13.dxc5 Rc8 14.Nb3 Be7 15.Ng5 Bxg5
16.Bxb7 Rc7 17.Bxa6 Qb8 18.a4 Be7 19.Bxb5 Nxc5 20.Nxc5 Rxc5 21.Qe4 Re5 22.Qf3 Rf5
23.Qg4 h5 24.Qh3 Bf6 25.Rab1 h4 26.b4 g6 27.Bd3 Rh5 28.Qg4 Kg7 29.Qf3 Rfh8
30.g4 Rg5 31.h3 Rd8 32.Qg2 Bd4 33.Kh1 Re5 34.f4 Re3 35.Rf3 Qd6 36.a5 Ra8
37.Rxe3 Bxe3 38.Qxa8 Qxf4 39.Qf3 Qe5 40.Rf1 f5 41.gxf5 exf5 42.Qg2 Bd2 43.Rxf5  1-0

[Event "25th Spring Festival"]
[Site "Budapest HUN"]
[Date "2009.03.23"]
[Round "4"]
[White "Bacso,G"]
[Black "Lengyel,B"]
[Result "1/2-1/2"]
[WhiteElo "2123"]
[BlackElo "2268"]

1.d4 Nf6 2.c4 e6 3.Nf3 d5 4.g3 Be7 5.Bg2 O-O 6.Nc3 b6 7.Ne5 Bb7 8.Qa4 Qc8
9.cxd5 Nxd5 10.Nxd5 exd5 11.O-O Qe6 12.Be3 Bd6 13.Nd3 Nd7 14.Nf4 Bxf4 15.Bxf4 c5
16.Be3 Bc6 17.Qc2 c4 18.Rad1 b5 19.Rfe1 Rfe8 20.Bf4  1/2-1/2

[Event "TCh-AUT 2nd Bundesliga Mitte 2008-9"]
[Site "Austria AUT"]
[Date "2009.03.27"]
[Round "9"]
[White "Sebenik,M"]
[Black "Bokros,A"]
[Result "1/2-1/2"]
[WhiteElo "2485"]
[BlackElo "2477"]

1.d4 d5 2.Nf3 Nf6 3.c4 e6 4.g3 Be7 5.Bg2 O-O 6.O-O dxc4 7.Qc2 a6 8.a4 Bd7
9.Qxc4 Bc6 10.Bg5 Bd5 11.Qd3 Be4 12.Qe3 Nbd7 13.Nc3 Bc6 14.Qd3 Bb4 15.Rfe1 h6
16.Bxf6 Nxf6 17.e4 b6 18.Ne5 Bb7 19.Rad1 Nd7 20.Ng4 Qe7 21.f4 Rad8 22.Ne3 Rfe8
23.Qc4 Bxc3 24.bxc3 Nf6 25.e5 Nd5 26.f5 Nxe3 27.Rxe3 Bxg2 28.Kxg2 exf5 29.Qxa6 Qg5
30.Qe2 Ra8 31.Rf1 Rxa4 32.e6 fxe6 33.Rxe6 Rea8 34.h4 Qd8 35.Qf3 Ra2+ 36.Kh3 f4
37.gxf4 Qd7 38.f5 R8a3 39.Rfe1 Rc2 40.R1e3 Raa2 41.Qg3  1/2-1/2

[Event "25th Spring Festival"]
[Site "Budapest HUN"]
[Date "2009.03.27"]
[Round "8"]
[White "Hantak,A"]
[Black "Lengyel,B"]
[Result "1-0"]
[WhiteElo "2112"]
[BlackElo "2268"]

1.d4 d5 2.c4 e6 3.Nf3 Nf6 4.g3 Be7 5.Bg2 O-O 6.O-O dxc4 7.Qc2 a6 8.Qxc4 b5
9.Qc2 Bb7 10.Bd2 Nc6 11.e3 Nd5 12.a3 Rc8 13.Rd1 Ba8 14.Be1 Nb6 15.Nbd2 h6
16.Ne4 Nc4 17.b4 a5 18.Nc5 Bd6 19.Bc3 Qe7 20.Nd2 Nxd2 21.Rxd2 a4 22.Bb2 Na7
23.e4 Qg5 24.Rad1 Qg6 25.Qc3 Rfe8 26.h4 e5 27.d5 Rcd8 28.Bh3 Re7 29.Bf5 Qh5
30.f4 f6 31.g4 Qe8 32.Ne6 Rdd7 33.g5 Qh5 34.gxf6 gxf6 35.Kh1 Rg7 36.Nxg7 Rxg7
37.Rg1 Qxh4+ 38.Rh2  1-0

[Event "TCh-NED 2008-9"]
[Site "Netherlands NED"]
[Date "2009.03.28"]
[Round "7"]
[White "Tereick,B"]
[Black "Dambacher,M"]
[Result "0-1"]
[WhiteElo "2382"]
[BlackElo "2485"]

1.c4 e6 2.g3 Nf6 3.Bg2 d5 4.d4 Be7 5.Nf3 O-O 6.Qc2 c6 7.O-O Nbd7 8.b3 b6
9.Rd1 Bb7 10.Nc3 Rc8 11.e4 h6 12.e5 Ne8 13.cxd5 cxd5 14.Qd2 Ba6 15.a3 Nc7
16.Ne2 Re8 17.Nf4 Bf8 18.h4 Nb8 19.Nh5 Re7 20.g4 Ne8 21.g5 Rec7 22.gxh6 gxh6
23.Qf4 Be2 24.Re1 Bd3 25.Qg3+ Kh8 26.Be3 Nc6 27.Bh3 Ne7 28.Kh2 Nf5 29.Bxf5 Bxf5
30.Rg1 Bg6 31.Qg4 Bh7 32.Rg2 f5 33.Qg3 f4 34.Qxf4 Qe7 35.Rag1 Qf7 36.Qxf7 Rxf7
37.Nf4 Ng7 38.Nd2 Bf5 39.Ng6+ Bxg6 40.Rxg6 Nf5 41.Kh3 Rc3 42.Rxe6 Rd3 43.Rg2 Nxd4
44.Rf6 Rxf6 45.exf6 Ne6 46.Nf3 d4 47.Ne5 Rxb3 48.Nf7+ Kh7  0-1

[Event "Open"]
[Site "Reykjavik ISL"]
[Date "2009.03.31"]
[Round "8"]
[White "Bhat,V"]
[Black "Perunovic,Mio"]
[Result "1/2-1/2"]
[WhiteElo "2495"]
[BlackElo "2439"]

1.d4 Nf6 2.c4 e6 3.g3 d5 4.Bg2 Be7 5.Nf3 O-O 6.O-O Nbd7 7.Qc2 c6 8.Nbd2 b6
9.e4 Bb7 10.e5 Ne8 11.cxd5 exd5 12.Re1 Nc7 13.Nf1 Ne6 14.Ne3 c5 15.Nf5 cxd4
16.N3xd4 Bc5 17.Nb3 Rc8 18.Qd1 Bb4 19.Bd2 Be7 20.Qg4 Rc4 21.Nh6+ Kh8 22.Nxf7+ Rxf7
23.Qxe6 Rf8 24.Bc3 Re8 25.Rad1 Nc5 26.Qf5 Rf8 27.Qh5 Ne6 28.f4 g6 29.Qg4 Rf5
30.Qe2 b5 31.Kh1 b4 32.Bd4 a5 33.Bg1 Qc8 34.Nxa5 Ba6 35.Qd2 Rc2 36.Qxd5 Rxf4
37.gxf4 Nxf4 38.Qa8 Nxg2 39.Qxc8+ Bxc8 40.Rf1 Nh4 41.Bf2 Bh3 42.Bxh4 Bg2+
43.Kg1 Bxh4 44.Rc1 Rxb2 45.Rc8+ Kg7 46.Rc7+ Kh6 47.Rff7 Bd5 48.Rxh7+ Kg5
49.Rxh4 Kxh4 50.Rd7 Bxa2 51.Nc6 Rb1+ 52.Kf2 b3 53.Rb7 b2 54.Nd4 Bd5 55.Rb4 Kg5
56.h4+ Kh6 57.Ne2 Bc4 58.Rxc4 Rf1+ 59.Kxf1 b1=Q+ 60.Kf2 Qf5+ 61.Rf4 Qxe5
62.Kf1 Qe3 63.Ke1  1/2-1/2

[Event "10th TCh-RUS w"]
[Site "Dagomys RUS"]
[Date "2009.04.02"]
[Round "1"]
[White "Vasilevich,T"]
[Black "Kosintseva,N"]
[Result "1/2-1/2"]
[WhiteElo "2399"]
[BlackElo "2491"]

1.d4 Nf6 2.c4 e6 3.g3 d5 4.Bg2 Be7 5.Nf3 O-O 6.O-O dxc4 7.Qc2 a6 8.a4 Bd7
9.Qxc4 Bc6 10.Bg5 Bd5 11.Qc2 Be4 12.Qd1 c5 13.dxc5 Bxc5 14.Qxd8 Rxd8 15.Nbd2 Bc6
16.Nb3 Be7 17.Na5 h6 18.Nxc6 Nxc6 19.Bd2 Ne4 20.Be3 Bc5 21.Bxc5 Nxc5 22.Ra3 a5
23.Rc1 Na6 24.Rac3 Nab4 25.Rc5 f6 26.Bf1 Rd7 27.e3 Rad8 28.Bb5 Nd3 29.Bxd3 Rxd3
30.Rb5 R8d7 31.Ne1 Rd2 32.Nf3 R2d6 33.Rc3 Rd5 34.Rxd5 Rxd5 35.Kf1 Kf7 36.Ke2 Ke7
37.Rb3 Nb4 38.Nd2 Rc5 39.Rc3 Rxc3 40.bxc3 Nc6 41.Kd3 Kd6 42.Ne4+ Kc7 43.Nc5 Nd8
44.Kc4 b6 45.Nb3 Nf7 46.f4 Nd6+ 47.Kd4 Kc6 48.c4 Nf7 49.Kd3 Nd6 50.c5 bxc5
51.Nxa5+ Kd5 52.Nc4 Nc8 53.e4+ Kc6 54.g4 Kc7 55.e5 fxe5 56.Nxe5 Kb6 57.Nc4+ Kc7
58.Ke4 Na7 59.f5 Kd7 60.h4 Ke7 61.Ne5 Nc8 62.Nc4 Na7 63.g5 hxg5 64.hxg5 Nc6
65.a5 Nb4 66.Ne5 exf5+ 67.Kxf5 Kd6 68.Nc4+ Kd5 69.Na3 c4 70.Kg6 c3 71.Kxg7 Nd3
72.g6 Nf4 73.Kf7 Nxg6 74.Kxg6 Kc5 75.Kf5 c2 76.Nxc2 Kb5  1/2-1/2

[Event "10th TCh-RUS w"]
[Site "Dagomys RUS"]
[Date "2009.04.05"]
[Round "4"]
[White "Cmilyte,V"]
[Black "Xu Yuhua"]
[Result "1/2-1/2"]
[WhiteElo "2498"]
[BlackElo "2479"]

1.d4 Nf6 2.c4 e6 3.g3 d5 4.Nf3 Be7 5.Bg2 O-O 6.O-O dxc4 7.Qc2 a6 8.Qxc4 b5
9.Qc2 Bb7 10.Bd2 Be4 11.Qc1 Bb7 12.a3 Qc8 13.Bb4 Bxb4 14.axb4 Nc6 15.Nbd2 Nxb4
16.Qc5 Nbd5 17.Rfc1 Qd8 18.Nb3 Ne4 19.Qc2 Nb4 20.Qxc7 Bd5 21.Ne5 Rc8 22.Qxd8 Rfxd8
23.Bxe4 Bxb3 24.e3 Bd5 25.Bxd5 exd5 26.Rc3 f6 27.Nf3 Ra8 28.Ne1 Rdc8 29.Rac1 Rc4
30.b3 Rxc3 31.Rxc3 Ra7 32.Rc5 Kf7 33.Kf1 Ke6 34.Ke2 Kd6 35.Nd3 Nc6 36.Nf4 Ne7
37.g4 Rb7 38.b4 g5 39.Nd3 Nc6 40.f3 h5 41.gxh5 Rh7 42.Kf2 Rxh5 43.Kg2 f5
44.h3 Rh7 45.Kg3 Re7 46.Kf2 Rh7 47.Kg3 Re7 48.Kf2 Rh7 49.Kg3  1/2-1/2

[Event "XXXII Open"]
[Site "Donostia San Sebastian ESP"]
[Date "2009.04.05"]
[Round "2"]
[White "Delchev,A"]
[Black "Rudolf,An"]
[Result "1-0"]
[WhiteElo "2648"]
[BlackElo "2330"]

1.d4 e6 2.Nf3 Nf6 3.c4 d5 4.g3 Be7 5.Bg2 O-O 6.O-O dxc4 7.Qc2 a6 8.a4 Bd7
9.Qxc4 Bc6 10.Bf4 a5 11.Nc3 Na6 12.Rad1 Nb4 13.Ne5 Bxg2 14.Kxg2 Nbd5 15.Bc1 Nxc3
16.bxc3 Qd5+ 17.f3 Qxc4 18.Nxc4 c6 19.Bd2 b5 20.Ne5 Rfc8 21.Rb1 Rab8 22.e4 Ne8
23.Bf4 Bd6 24.Rf2 g5 25.Be3 f6 26.Nd7 Rb7 27.Nc5 Bxc5 28.dxc5 e5 29.f4 gxf4
30.gxf4 exf4 31.Rxf4 Rcb8 32.Kf3 b4 33.cxb4 Rxb4 34.Rg1+ Kf7 35.Rh4 Rxa4
36.Rxh7+ Ke6 37.Rd1 f5 38.Rh6+ Ke7 39.Bg5+ Kf8 40.Rd7 Kg8 41.Rg6+ Kh8 42.exf5 Rb3+
43.Be3 Raa3 44.Re7 Ng7 45.Rxc6  1-0

[Event "XXXII Open"]
[Site "Donostia San Sebastian ESP"]
[Date "2009.04.05"]
[Round "2"]
[White "Tratar,M"]
[Black "Cuenca Jimenez,F"]
[Result "1-0"]
[WhiteElo "2488"]
[BlackElo "2169"]

1.d4 d5 2.Nf3 Nf6 3.c4 e6 4.g3 Be7 5.Bg2 O-O 6.O-O Nbd7 7.Qc2 c6 8.b3 b6
9.Rd1 Bb7 10.Nc3 Rc8 11.e4 Nxe4 12.Nxe4 dxe4 13.Qxe4 Qc7 14.Bf4 Bd6 15.Bxd6 Qxd6
16.c5 Qe7 17.b4 Ba6 18.Qc2 Rfd8 19.Rac1 Qf6 20.Re1 Rc7 21.Ne5 Nxe5 22.dxe5 Qe7
23.Red1 Rxd1+ 24.Rxd1 bxc5 25.bxc5 g6 26.Rd6 Qe8 27.h4 h5 28.Be4 Kg7 29.Qc1 Bb7
30.Qd2 Qe7 31.a4 Ba8 32.Rd8 Bb7 33.Qd6 Kh7 34.a5 a6 35.Re8 Qxe8 36.Qxc7 Ba8
37.Bd3 Kg7 38.Bxa6 Kf8 39.Kg2 Qe7 40.Qxe7+ Kxe7 41.Kf3 Kd7 42.Kf4 Kd8 43.Kg5 Ke7
44.f3 Kf8 45.Kf6 Ke8 46.g4 hxg4 47.fxg4 Kf8 48.Bc8  1-0

[Event "11th European Senior Team"]
[Site "Velden AUT"]
[Date "2009.04.05"]
[Round "1"]
[White "Macdonald Ross,M"]
[Black "Palmo,P"]
[Result "1/2-1/2"]
[WhiteElo "2169"]
[BlackElo "2066"]

1.d4 Nf6 2.Nf3 d5 3.c4 e6 4.g3 Be7 5.Bg2 O-O 6.O-O dxc4 7.Na3 c5 8.Nxc4 Nc6
9.dxc5 Bxc5 10.Nfe5 Nxe5 11.Nxe5 Qe7 12.Nd3 Bb6 13.Bd2 Bc7 14.Rc1 e5 15.Qc2 Bd6
16.Nc5 Rb8 17.Bg5 h6 18.Bxf6 Qxf6 19.Ne4 Qe7 20.Nxd6 Qxd6 21.Rfd1 Qa6 22.Bd5 Bg4
23.Bc4 b5 24.Bd5 Rbc8 25.Qe4 Rxc1 26.Rxc1 Qd6 27.Rc6 Qd7 28.Rc5 a6 29.Qc2 Rc8
30.Rxc8+ Qxc8 31.Qxc8+ Bxc8 32.b4 Kf8 33.Kg2 Ke7 34.Kf3 Be6 35.Ke4 Kd6  1/2-1/2

[Event "11th European Senior Team"]
[Site "Velden AUT"]
[Date "2009.04.05"]
[Round "1"]
[White "Aijala,Jou"]
[Black "Baumbach,F"]
[Result "0-1"]
[WhiteElo "2176"]
[BlackElo "2280"]

1.d4 Nf6 2.c4 e6 3.g3 d5 4.Nf3 Be7 5.Bg2 O-O 6.O-O b6 7.b3 Bb7 8.Bb2 Nbd7
9.Nc3 c5 10.cxd5 Nxd5 11.Rc1 Rc8 12.Nxd5 Bxd5 13.Qd3 cxd4 14.Rxc8 Qxc8 15.Rc1 Qb7
16.Qxd4 Bf6 17.Qd2 Bxb2 18.Qxb2 Rc8 19.Rc3 h6 20.Qc1 Rxc3 21.Qxc3 Nf6 22.Ne1 Bxg2
23.Nxg2 Qe4 24.Qb2 Nd5 25.a3 Ne7 26.Ne3 Nc6 27.Qc2 Qxc2 28.Nxc2 Na5 29.b4 Nc4
30.Kf1 Kf8 31.e3 Ke7 32.Ke2 Kd6 33.Kd3 Ne5+ 34.Ke2 Kd5 35.f4 Ng4 36.h3 Nf6
37.g4 Kc4 38.Nd4 Nd5 39.Kf3 a6 40.g5 hxg5 41.fxg5 Ne7 42.Ke4 Ng6 43.Nc6 Kb3
44.Kd3 Kxa3 45.Kc3 Ka4 46.Nd8 Ne5 47.h4 g6 48.Kd4 Nf3+ 49.Ke4 Nxh4 50.Nxf7 Kxb4
51.Nd8 a5 52.Nxe6 a4 53.Kd3 Kb3 54.Nd4+ Kb2 55.Kc4 a3 56.e4 a2 57.Nb3 Nf3
58.Kb4 Nd4  0-1

[Event "II Gedeon Barcza Mem"]
[Site "Budapest HUN"]
[Date "2009.04.06"]
[Round "1"]
[White "Mikhalevski,V"]
[Black "Papp,Ga"]
[Result "0-1"]
[WhiteElo "2625"]
[BlackElo "2524"]

1.d4 Nf6 2.c4 e6 3.g3 d5 4.Nf3 Be7 5.Bg2 O-O 6.O-O c6 7.Qc2 Nbd7 8.b3 b6
9.Rd1 Ba6 10.Nbd2 Rc8 11.e4 c5 12.exd5 exd5 13.Bb2 cxd4 14.Nxd4 b5 15.Nf5 Re8
16.Qc3 bxc4 17.bxc4 Bxc4 18.Nxc4 Rxc4 19.Qd2 Nc5 20.Bxd5 Qxd5 21.Nxe7+ Rxe7
22.Bxf6 Qxd2 23.Bxe7 Qa5 24.Rd8+ Qxd8 25.Bxd8 Ne6 26.Be7 g5 27.Rb1 Kg7 28.Rb4 Rxb4
29.Bxb4 g4 30.h3 h5 31.f3 Ng5 32.hxg4 Nxf3+ 33.Kf2 hxg4 34.Ke3 f5 35.Kf4 Kf6
36.Bc3+ Ke6 37.a3 Ng1 38.Ke3 Nh3 39.Kd4 Ng5 40.Ba5 Nf3+ 41.Kc5 Ke5 42.Bc7+ Ke4
43.Bb8 a5 44.a4 Nd4 45.Kc4 Ne2 46.Bc7 Nxg3 47.Bxa5 f4 48.Bc7 Nf5 49.a5 f3
50.Bb6 Ne3+  0-1

[Event "XXXII Open"]
[Site "Donostia San Sebastian ESP"]
[Date "2009.04.06"]
[Round "3"]
[White "Sebenik,M"]
[Black "Djingarova,E"]
[Result "1/2-1/2"]
[WhiteElo "2482"]
[BlackElo "2334"]

1.d4 Nf6 2.c4 e6 3.Nf3 d5 4.g3 Be7 5.Bg2 O-O 6.O-O dxc4 7.Qc2 a6 8.a4 Bd7
9.Qxc4 Bc6 10.Bg5 h6 11.Bxf6 Bxf6 12.Nc3 Bxf3 13.Bxf3 c6 14.e3 a5 15.b4 axb4
16.Qxb4 Ra7 17.Rab1 Na6 18.Qc4 Nc7 19.Rfc1 Nd5 20.Ne4 Be7 21.Nc5 Bxc5 22.Qxc5 Qa8
23.Bd1 Ra5 24.Qc4 Qa7 25.h4 Rd8 26.Bc2 h5 27.Qb3 Rd7 28.Rd1 g6 29.e4 Nf6
30.Qc3 Ng4 31.Rd2 e5 32.d5 Rc5 33.Qf3 Qa5 34.dxc6 Rxd2 35.cxb7 Rd8 36.b8=Q Rxb8
37.Rxb8+ Kg7 38.Rb7 Qe1+ 39.Kg2 Qxf2+ 40.Qxf2 Nxf2 41.Bb3 Nxe4 42.Rxf7+ Kh6
43.Rb7 Rc3 44.Bg8 g5 45.hxg5+ Kxg5 46.Rb3 Rc2+ 47.Kg1 Rc1+ 48.Kg2 Rc2+  1/2-1/2

[Event "XXXII Open"]
[Site "Donostia San Sebastian ESP"]
[Date "2009.04.07"]
[Round "4"]
[White "Narciso Dublan,M"]
[Black "Cuenca Jimenez,F"]
[Result "1/2-1/2"]
[WhiteElo "2534"]
[BlackElo "2169"]

1.d4 d5 2.c4 e6 3.Nf3 Nf6 4.g3 Be7 5.Bg2 O-O 6.O-O b6 7.cxd5 exd5 8.Nc3 Bb7
9.Bf4 Nbd7 10.Rc1 c6 11.Qc2 Nh5 12.Bh3 g6 13.Bh6 Ng7 14.e4 Re8 15.exd5 cxd5
16.Qa4 f5 17.Bxg7 Kxg7 18.Nb5 Rc8 19.Rxc8 Qxc8 20.Nxa7 Qc7 21.Ne5 Ra8 22.Nxd7 Bc8
23.Qc6 Qxd7 24.Qxa8 Bb7 25.Qb8 Bd6 26.Qxb7 Qxb7  1/2-1/2

[Event "11th European Senior Team"]
[Site "Velden AUT"]
[Date "2009.04.07"]
[Round "3"]
[White "Perman,T"]
[Black "Seyffer,G"]
[Result "1/2-1/2"]
[WhiteElo "2048"]
[BlackElo "2049"]

1.c4 e6 2.g3 d5 3.Bg2 Nf6 4.Nf3 Be7 5.d4 O-O 6.Qc2 c5 7.O-O cxd4 8.Nxd4 Nc6
9.Nxc6 bxc6 10.b3 Bb7 11.Bb2 Qb6 12.Nd2 c5 13.e3 Rfd8 14.Rfd1 Rac8 15.Nf3 a5
16.Ne5 Ba6 17.Rac1 Rb8 18.Rb1 Qc7 19.Qe2 a4 20.Ba1 axb3 21.axb3 Rb6 22.Ng4 Ne8
23.Qc2 dxc4 24.bxc4 Rbd6 25.Ne5 Bf6 26.Nd3 Bxa1 27.Rxa1 Qc8 28.Nb2 Rxd1+
29.Rxd1 Rxd1+ 30.Qxd1 Bb7 31.Bxb7 Qxb7 32.Qd8 Kf8 33.Nd3 Qe7 34.Qc8 g6 35.Nxc5 Kg7
36.Nb7 Nd6 37.Nxd6 Qxd6 38.Qb7 Qd1+ 39.Kg2 Qc2 40.Qc6 h5 41.h4 Qf5 42.Qf3 Qc5
43.Qe4 Qc7  1/2-1/2

[Event "16th TCh-RUS HL"]
[Site "Dagomys RUS"]
[Date "2009.04.08"]
[Round "7"]
[White "Ulko,J"]
[Black "Iljin,A"]
[Result "1/2-1/2"]
[WhiteElo "2489"]
[BlackElo "2572"]

1.d4 Nf6 2.c4 e6 3.g3 d5 4.Nf3 Be7 5.Bg2 O-O 6.O-O dxc4 7.Qc2 a6 8.Qxc4 b5
9.Qc2 Bb7 10.Bd2 Be4 11.Qc1 Bb7 12.Bf4 Nd5 13.Nc3 Nxf4 14.Qxf4 Nd7 15.Rfd1 Bd6
16.Qh4 Be7 17.Qf4 Bd6 18.Qh4 Be7 19.Qf4  1/2-1/2

[Event "XXXII Open"]
[Site "Donostia San Sebastian ESP"]
[Date "2009.04.09"]
[Round "6"]
[White "Argandona Riveiro,I"]
[Black "Santos Latasa,J"]
[Result "0-1"]
[WhiteElo "2371"]
[BlackElo "2155"]

1.Nf3 Nf6 2.c4 e6 3.g3 d5 4.d4 Be7 5.Bg2 O-O 6.O-O dxc4 7.Qc2 a6 8.Qxc4 b5
9.Qc2 Bb7 10.Bf4 Bd6 11.Nbd2 Nd5 12.e3 Nd7 13.a3 h6 14.Nb3 a5 15.Rfd1 Qe7
16.Rac1 Ra6 17.Nc5 Bxc5 18.dxc5 Rc6 19.Qd2 Rxc5 20.Qxa5 Ra8 21.Qd2 Rxc1 22.Qxc1 c5
23.e4 Nxf4 24.Qxf4 e5 25.Qf5 Bc6 26.Bh3 Ra7 27.Nh4 Rc7 28.Qf3 g6 29.Qd3 c4
30.Qe3 Kg7 31.Bxd7 Rxd7 32.Rxd7 Qxd7 33.f3 Qd1+ 34.Kg2 Qc2+ 35.Qf2 Qc1 36.g4 Bd7
37.h3 Be6 38.Kh2 c3 39.bxc3 Qxc3 40.Qa7 Bc4 41.Qe7 Qd2+ 42.Ng2 Qc3 43.Nh4 Qd4
44.g5 Qd2+ 45.Ng2 Qxg5 46.Qxg5 hxg5 47.Ne3 Be6 48.Ng4 f6 49.Kg2 Kf7 50.Kf2 Ke7
51.Ke3 Bc4 52.Kd2 Bf1 53.Ne3 Bxh3 54.Kc3 Kd6 55.Kb4 Kc6 56.Ka5 f5 57.Nd5 fxe4
58.fxe4 g4 59.Ne7+ Kd6 60.Nxg6 g3 61.Nh4 g2 62.Nf3 Bg4  0-1

[Event "XXXVI Open"]
[Site "La Roda ESP"]
[Date "2009.04.10"]
[Round "4"]
[White "Granero Roca,A"]
[Black "Bendayan Claros,A"]
[Result "1-0"]
[WhiteElo "2393"]
[BlackElo "2090"]

1.c4 e6 2.Nf3 d5 3.d4 Nf6 4.g3 Be7 5.Bg2 O-O 6.O-O Nbd7 7.Nc3 c6 8.Qc2 b6
9.e4 dxe4 10.Nxe4 Bb7 11.Rd1 Nxe4 12.Qxe4 Nf6 13.Qc2 Qc7 14.Bf4 Bd6 15.Bxd6 Qxd6
16.c5 Qc7 17.Rac1 b5 18.Ne5 Nd5 19.h4 f6 20.Nd3 Rae8 21.Qd2 a5 22.a3 Re7
23.Re1 Rfe8 24.Be4 Bc8 25.f4 Bd7 26.Qd1 Rf8 27.Qh5 g6 28.Qe2 Be8 29.Qf2 Bf7
30.Rc2 Qd7 31.Rd2 Rfe8 32.Qf3 Kg7 33.g4 Bg8 34.g5 Rc8 35.Bxd5 exd5 36.Rde2 Rxe2
37.Rxe2 Qf5 38.gxf6+ Qxf6 39.Qf2 Be6 40.Ne5 Bf5 41.Qg3 Re8 42.Qg5 Qxg5+ 43.fxg5 Re6
44.Rf2 h6 45.Kg2 Be4+ 46.Kg3 Bf5 47.Kf4 h5 48.Ke3 Kf8 49.Kf4 Ke8 50.Kg3 Ke7
51.Rxf5 gxf5 52.Kf4 Kf8 53.Kxf5 Re8 54.Nxc6 Re4 55.Ne5 Rxd4 56.c6 Rd2 57.Ke6 Rxb2
58.c7 Rc2 59.Kd7 Rxc7+ 60.Kxc7 b4 61.axb4 a4 62.b5 a3 63.b6 a2 64.b7 a1=Q
65.b8=Q+ Kg7 66.Kd6 Qa6+ 67.Ke7 Qa3+ 68.Qd6 Qa7+ 69.Nd7 d4 70.Qh6+ Kg8 71.Qg6+ Kh8
72.Qxh5+ Kg7 73.Qh6+ Kg8 74.Qe6+ Kg7 75.Qe5+ Kg6 76.Qc5 Qa4 77.Qd6+  1-0